| 000 | nam a22 a 4500 | ||
|---|---|---|---|
| 999 |
_c390771 _d390771 |
||
| 003 | BLK | ||
| 005 | 20201028150135.0 | ||
| 008 | 180410b bul|||||r ||||||| ||bul|| | ||
| 010 | _aKNG00166647000 | ||
| 040 | _aBLK | ||
| 041 |
_aFRE _aHEL _cFRE |
||
| 072 | 7 |
_2bullib _aЦ _xРедки и ценни |
|
| 080 |
_aКласическа гръцка литература. Старогръцка литература _b821.142 _x-1 _z821.142-1 |
||
| 100 |
_91299 _aPindare _eпърви автор |
||
| 139 | _aPindare | ||
| 245 | 1 | 0 |
_aLes Olympiques _bLes auteurs grecs expliques d'apres une methode nouvelle par deux traductions francaises, l'une litterale et juxtalineaire presentant le mot a mot francais et regard des mots grecs correspondants, l'autre correcte et precedee du texte grec, avec des sommaires et des notes par une societe de professeurs et d'hellenistes. _cPindare |
| 245 | 1 | 0 | _aLes pythiques |
| 257 | _aFRA | ||
| 260 |
_aParis _bLibr. Hachette _c1878 _9215648 |
||
| 300 |
_a226, 273 с. _c18 см |
||
| 380 | _aX | ||
| 490 |
_9435080 _aКолекция Редки и ценни издания |
||
| 659 | _aЦ | ||
| 852 |
_aРф 878 _bРц |
||
| 856 | 4 | _qpdf | |
| 856 | 4 | _qpdf | |
| 942 |
_cKNG _n0 _s1 |
||
| 944 |
_aED _c2020-10-26 _kК.Д. |
||
| 999 | _d390771 | ||
| 999 | _d390771 | ||
| 999 | _d390771 | ||
| 999 | _d390771 | ||
| 999 | _d390771 | ||
| 999 | _d390771 | ||
| 999 | _d159478 | ||